000 00735nam a2200289Ia 4500
005 20260324142526.0
008 008 260324s9999 xx 000 0 eng d
020 _a9781351294324
037 _aEBOOK
040 _aCRL
040 _beng
040 _cCRL
041 _2eng
041 _aeng
084 _qCRL
100 _aSamuel Eisenstein; Norman A Levy; Judd Marmor
_91212258
245 4 _aThe Dyadic Transaction
245 0 _bInvestigation into the Nature of the Psychotherapeutic Process
260 _bTaylor and Francis
260 _c1994
365 _a
365 _b145
856 _uhttp://www.taylorfrancis.com/books/9781351294324
942 _cEBOOK
999 _c1816561
_d1816561